| 000 | 00618nam a2200217 a 4500 | ||
|---|---|---|---|
| 999 |
_c4727 _d4727 |
||
| 001 | 4727 | ||
| 003 | BD-JhCC | ||
| 005 | 20171130175001.0 | ||
| 008 | 171130b1984 bg |||| ||a| 000 0 eng d | ||
| 035 | _a(BD-JhCC)4727 | ||
| 040 |
_aBD-JhCC _dBD-JhCC |
||
| 041 | _aeng | ||
| 082 |
_a574.5222 _bJUL 1984 |
||
| 100 | _aLondon , Juliius & White, Gilbert F. | ||
| 245 |
_aThe Enviromental Effects Of Nuclear War _cJuliius London & Gilbert F. White |
||
| 260 |
_aLondon : _bWestview Press, _c1984. |
||
| 300 |
_a203 p. : _c21 cm. |
||
| 650 | _aNuclear Warfare , Environmental asPects | ||
| 942 |
_2ddc _cBK |
||